Statistics for 166 Italian Verbs

Click here to take the quiz!

General Stats

  • This quiz has been taken 320 times
    (278 since last reset)
  • The average score is 82 of 166

Answer Stats

Verb Translation % Correct
CantareTo sing
96%
DecidereTo decide
89%
LavareTo wash
85%
GiocareTo play
84%
PagareTo pay
82%
CorrereTo run
82%
StudiareTo study
81%
DomandareTo ask
81%
CredereTo believe
81%
ServireTo serve
80%
DifendereTo defend
80%
PensareTo think
80%
CominciareTo start
80%
ComprendereTo comprehend
80%
ConcludereTo conclude
79%
InsegnareTo teach
77%
SentireTo hear
77%
DistinguereTo distinguish
75%
ProvareTo prove
74%
DiscutereTo discuss
74%
ArrivareTo arrive
74%
DimenticareTo forget
74%
ImparareTo learn
74%
CantareTo sing
72%
RitornareTo return
72%
LasciareTo leave
72%
ViaggiareTo travel
71%
NuotareTo swim
71%
RicordareTo remember
71%
VolareTo fly
70%
GuidareTo drive
70%
AssistereTo assist
69%
FermareTo stop
68%
AbitareTo live
68%
ChuidereTo close
67%
CrescereTo grow
67%
SoffrireTo suffer
67%
AttendereTo attend
67%
TrovareTo find
67%
GirareTo turn
67%
TagliareTo cut
66%
CorregerreTo correct
66%
AuitareTo help
65%
OffrireTo offer
64%
AssumereTo assume
64%
PortareTo bring
64%
VivereTo live
63%
CamminareTo walk
63%
AspettareTo wait
62%
MandareTo send
62%
GustareTo taste
60%
ScrivereTo write
60%
CapireTo understand
60%
SaltareTo jump
59%
ApplaudireTo applaud
59%
PretendereTo pretend
59%
DefinireTo define
58%
FinireTo finish
57%
CambiareTo change
57%
InvestireTo invest
57%
LavorareTo work
56%
SuonareTo play
56%
AttribuireTo attribute
56%
RisolvereTo resolve
56%
PreferireTo prefer
56%
MostareTo show
55%
PermettereTo allow
55%
VincereTo win
55%
AprireTo open
54%
VedereTo see
54%
ChiedereTo ask
53%
TrasmettereTo transmit
53%
RispondereTo respond
53%
TrasferireTo transfer
53%
PranzareTo have Lunch
52%
To danceBallare
52%
SpiegareTo explain
52%
To readLeggere
51%
PartireTo leave
51%
RiposareTo rest
51%
NotareTo notice
50%
SuccedereTo succeed
50%
BollireTo boil
50%
CadereTo fall
49%
To divideDividere
49%
ApprendereTo assimilate
49%
PrendereTo take
49%
VestireTo dress
48%
RidereTo laugh
47%
ConvertireTo convert
47%
GarantireTo guarantee
47%
SuggerireTo suggest
46%
To putMettere
45%
LitigareTo argue
44%
To listenAscoltare
44%
PromettereTo promise
43%
RegalareTo give a gift
43%
To know (people)Conoscere
43%
PunireTo punish
43%
CenareTo have dinner
42%
SeguireTo follow
41%
To consistConsistere
41%
PiangereTo cry
41%
To includeIncludere
41%
To fallCadere
40%
RiunireTo reunite
39%
SorridereTo smile
39%
PulireTo clean
39%
To guarenteeGarantire
39%
To convinceConvincere
39%
RallentareTo slow down
39%
MentireTo lie
38%
To losePerdere
38%
AccadereTo happen
37%
RompereTo break
37%
AssolvereTo absolve
37%
ConsentireTo consent
36%
AccedereTo access
35%
To subsituteSostituire
35%
To existEsistere
35%
PromuovereTo promote
34%
SostituireTo substitute
34%
ColpireTo hit
34%
FallireTo fail
34%
To insist/persistInsistere
33%
BenedireTo bless
33%
AccendereTo turn on
32%
SpingereTo push
32%
To woundFerire
32%
RaccontareTo narrate
31%
TemereTo fear
31%
To shareCondividere
31%
DigerireTo digest
30%
FerireTo injure
30%
CoprireTo cover
30%
To establishStabilire
29%
To confuseConfondere
28%
InserireTo insert
28%
IstruireTo instruct
28%
FerireTo wound
27%
TradireTo betray
27%
To hideNascondere
26%
DimagrireTo lose weight
26%
SpedireTo send
26%
UbbidireTo obey
25%
CedereTo yield
25%
InghiottireTo swallow
25%
GestireTo manage
25%
ImpazzireTo go mad
24%
StabilireTo establish
24%
DiveritreTo enjoy
23%
GestireTo manage
23%
FuggireTo escape
23%
GuarireTo cure
23%
AderireTo adhere
21%
EsibireTo show
21%
EseguireTo do
20%
ScendereTo descend
20%
RestituireTo return
19%
EsaurireTo exhaust
19%
InseguireTo chase
18%
AcconsentireTo agree
18%
ConseguireTo accomplish
17%
AvvertireTo advise
17%
To be happyGodere
16%
AssentireTo accept
14%

Score Distribution

Percentile by Number Answered

Percent of People with Each Score

Your Score History

You have not taken this quiz since the last reset